书目信息 |
| 题名: |
考研英语核心词汇说文解词
|
|
| 作者: | 霍岩 , 张剑 , 曾鸣 编著 | |
| 分册: | ||
| 出版信息: | 北京 世界图书出版公司北京公司 2009.03 |
|
| 页数: | 408页 | |
| 开本: | 26cm | |
| 丛书名: | ||
| 单 册: | ||
| 中图分类: | H313.1 | |
| 科图分类: | ||
| 主题词: | 词汇 , 英语--词汇--研究生--入学考试--升学参考资料 , 英语 | |
| 电子资源: | ||
| ISBN: | 978-7-5062-7341-1 | |
| 000 | 01099nam0 2200301 450 | |
| 001 | 1135638558 | |
| 005 | 20111208095438.17 | |
| 010 | @a978-7-5062-7341-1@dCNY39.80 | |
| 090 | @aH31@bzm | |
| 096 | @aH313@bcm | |
| 100 | @a20100210d2009 em y0chiy50 ea | |
| 101 | 0 | @achi@aeng |
| 102 | @aCN@b110000 | |
| 105 | @ay z 000yy | |
| 200 | 1 | @a考研英语核心词汇说文解词@9kao yan ying yu he xin ci hui shuo wen jie ci@b专著@f曾鸣,张剑,霍岩编著 |
| 210 | @a北京@c世界图书出版公司北京公司@d2009.03 | |
| 215 | @a408页@c图@d26cm@e1速记手册(346页,19cm) | |
| 300 | @a世纪高教版 全国考研英语词汇第一书 考研词汇黄皮书 考研英语系列 | |
| 330 | @a本书采用对词汇的英英注释;词根联想串联记忆;真题外刊例句注释这三种方法介绍了考研时,遇到英语核心词汇,全方面的说文解词。 | |
| 606 | 0 | @a词汇 |
| 606 | 0 | @a英语@x词汇@x研究生@x入学考试@j升学参考资料 |
| 606 | 0 | @a英语 |
| 690 | @aH313.1@v4 | |
| 701 | 0 | @a霍岩@c(翻译)@9huo yan@4编著 |
| 701 | 0 | @a张剑@c(英语教授,@f1963~)@9zhang jian@4编著 |
| 701 | 0 | @a曾鸣@c(英语)@9ceng ming@4编著 |
| 801 | 0 | @aCN@bCBIP.CN@c20090503 |
| 905 | @aZUCC@dH313.1@eH981 | |
| 考研英语核心词汇说文解词/曾鸣,张剑,霍岩编著.-北京:世界图书出版公司北京公司,2009.03 |
| 408页:图;26cm+1速记手册(346页,19cm) |
| 世纪高教版 全国考研英语词汇第一书 考研词汇黄皮书 考研英语系列 |
| ISBN 978-7-5062-7341-1:CNY39.80 |
| 本书采用对词汇的英英注释;词根联想串联记忆;真题外刊例句注释这三种方法介绍了考研时,遇到英语核心词汇,全方面的说文解词。 |
| ● |
| 相关链接 |
|
|
|
正题名:考研英语核心词汇说文解词
索取号:H313.1/H981
 
预约/预借
| 序号 | 登录号 | 条形码 | 馆藏地/架位号 | 状态 | 备注 |
| 1 | 826482 | 208264821 | 语言库209/209语言库 32排3列6层/ [索取号:H313.1/H981] | 在馆 | |
| 2 | 826483 | 208264830 | 语言库209/209语言库 32排3列6层/ [索取号:H313.1/H981] | 在馆 |